00855nam a2200229 a 4500008004100000020003100041040002500072041001300097044001100110080001100121080001100132100002000143245015400163250001300317260007100330300002800401490003100429500008200460700002700542700003200569700002400601951121s1989||||[C 0 slo c c22 Kčs. q(7000 výtl.) aSNKbslocSNKeAACR21 aslohger axocSK a330.13 a141.821 aMarx, Karl4aut10aTeórie o nadhodnote. 1. časťb(4.zv. Kapitálu). 8-16 kapitola a prílohycKarl Marx ; Štefan Heretik, Miloš Plachtinský, Oto Takáč a2., vyd. aBratislavabPravdac1989eS.l.Pravda BratislavafPravda Bratislava a600 s., 50,82 AHc24 cm0 aKlasici marxizmu-leninizmu aLit. 67. Edič. pozn. Príl. Pozn. a reg. 67 zázn. v angl., franc. a nem.1 aHeretik, Štefan4trl1 aPlachtinský, Miloš4trl1 aTakáč, Oto4bkd